Największe miasta Brazylii - Statystyki

Ogólne statystyki
  • Ten quiz został rozwiązany 1 982 razy
  • Średni wynik to 6 z 15
Statystyki odpowiedzi
Ludność Miasto % Poprawnych
6 211 423 Rio de Janeiro
98%
2 817 068 Brasília
92%
11 451 245 São Paulo
89%
2 315 560 Belo Horizonte
44%
2 063 547 Manaus
43%
1 773 733 Kurytyba
38%
1 332 570 Porto Alegre
35%
2 428 678 Fortaleza
31%
1 488 920 Recife
31%
2 418 005 Salvador
31%
1 303 389 Belém
25%
1 437 237 Goiânia
15%
1 037 775 São Luís
14%
1 138 309 Campinas
11%
1 291 784 Guarulhos
5%
Nie znaleziono quizów pasujących do podanych kryteriów
Rozkład punktacji
Procent ludzi z każdym wynikiem
Percentyl według liczby udzielonych odpowiedzi
Twoja historia wyników
Nie rozwiązałeś tego quizu